000 00330nam a22001337a 4500
008 260225b ||||| |||| 00| 0 eng d
020 _a9789951051958
041 _aShqip
080 _a2.1
100 _a20.1
101 _aPolitike
245 _aHyrje në Shkencat Shoqërore
_cBernard Valade- Renaud Fillieule
942 _2udc
_cBK
999 _c60861
_d60861